Theories of nationalism : (Record no. 19986)
[ view plain ]
| 000 -LEADER | |
|---|---|
| fixed length control field | 01190cam a22002775a 4500 |
| 001 - CONTROL NUMBER | |
| control field | 16339755 |
| 005 - DATE AND TIME OF LATEST TRANSACTION | |
| control field | 20151017153015.0 |
| 008 - FIXED-LENGTH DATA ELEMENTS--GENERAL INFORMATION | |
| fixed length control field | 100719s2010 enk frb 001 0 eng d |
| 020 ## - INTERNATIONAL STANDARD BOOK NUMBER | |
| International Standard Book Number | 9780230577329 (hbk.) |
| 020 ## - INTERNATIONAL STANDARD BOOK NUMBER | |
| International Standard Book Number | 9780230577336 (pbk.) |
| 040 ## - CATALOGING SOURCE | |
| Original cataloging agency | UKM |
| Language of cataloging | eng |
| Transcribing agency | UKM |
| Modifying agency | YDXCP |
| -- | BWKUK |
| -- | BWK |
| -- | BWX |
| -- | DEBBG |
| -- | NGU |
| -- | BTCTA |
| -- | OCL |
| -- | EUM |
| -- | OCL |
| -- | LML |
| -- | DLC |
| -- | EG-ScBUE |
| 082 04 - DEWEY DECIMAL CLASSIFICATION NUMBER | |
| Classification number | 320.54 |
| Item number | OZK |
| Edition number | 22 |
| 100 1# - MAIN ENTRY--PERSONAL NAME | |
| Personal name | Özkırımlı, Umut. |
| 9 (RLIN) | 38498 |
| 245 10 - TITLE STATEMENT | |
| Title | Theories of nationalism : |
| Remainder of title | a critical introduction / |
| Statement of responsibility, etc | Umut Özkirimli. |
| 250 ## - EDITION STATEMENT | |
| Edition statement | 2nd ed., Extended and updated. |
| 260 ## - PUBLICATION, DISTRIBUTION, ETC. (IMPRINT) | |
| Place of publication, distribution, etc | Basingstoke ; |
| -- | New York : |
| Name of publisher, distributor, etc | Palgrave Macmillan, |
| Date of publication, distribution, etc | 2010. |
| 300 ## - PHYSICAL DESCRIPTION | |
| Extent | xii, 244 p. ; |
| Dimensions | 24 cm. |
| 500 ## - GENERAL NOTE | |
| General note | Previous ed. : Basingstoke : Macmillan, 2000. |
| 500 ## - GENERAL NOTE | |
| General note | Index : p. 240-244. |
| 504 ## - BIBLIOGRAPHY, ETC. NOTE | |
| Bibliography, etc | bibliography : p. 220-239. |
| 520 8# - SUMMARY, ETC. | |
| Summary, etc | This overview of theories of nationalism is also a summary of criticisms raised against each of them. Casting doubt on the fundamental assumptions of mainstream analyses, it concludes by proposing an analytical framework for the study of nationalism. |
| 650 #0 - SUBJECT ADDED ENTRY--TOPICAL TERM | |
| Topical term or geographic name as entry element | Nationalism. |
| Source of heading or term | BUEsh |
| 651 ## - SUBJECT ADDED ENTRY--GEOGRAPHIC NAME | |
| Source of heading or term | BUEsh |
| 653 ## - INDEX TERM--UNCONTROLLED | |
| Resource For college | BAEPS, Political Science |
| Arrived date list | June2015 |
| -- | October2015 |
| 942 ## - ADDED ENTRY ELEMENTS (KOHA) | |
| Source of classification or shelving scheme | Dewey Decimal Classification |
| Withdrawn status | Lost status | Source of classification or shelving scheme | Damaged status | Not for loan | Koha collection | Home library | Current library | Shelving location | Date acquired | Source of acquisition | Cost, normal purchase price | Serial Enumeration / chronology | Total Checkouts | Full call number | Barcode | Date last seen | Date last borrowed | Cost, replacement price | Koha item type |
|---|---|---|---|---|---|---|---|---|---|---|---|---|---|---|---|---|---|---|---|
| Dewey Decimal Classification | Alahram | Central Library | Central Library | First floor | 28/06/2015 | Purchase | 240.00 | 320 | 1 | 320.54 OZK | 000039199 | 15/07/2025 | 24/03/2019 | 300.00 | Book - Borrowing |